000 00749nam a2200229Ia 4500
003 GCL
008 140319s9999 xx 000 0 ara d
040 _aGCL /
_cGCL
082 0 4 _a620.137
_bدا
100 1 _aدار الراتب الجامعية
245 1 0 _aاسس تصميم وشروط تنفيذ اعمال الخرسانة المسلحة فى المبانى /
_cدار الراتب الجامعية
260 _a[S.N] :
_bدار الراتب الجامعية ،
_c1990
300 _a109 ص
490 _a
650 0 4 _aالخرسانة المسلحة
650 0 4 _aهندسة مدنية
650 0 4 _aالخرسانة
650 0 4 _aالبناء
650 0 4 _aمواد البناء
650 0 4 _aالعمارة
942 _2ddc
_cBK
999 _c54680
_d54680